[Event "Relampago R-022 corr"]
[Site "CXV corr"]
[Date "2001.02.07"]
[Round "?"]
[White "Rosa do Prado, Marcio Antonio"]
[Black "Xavier, Paulo Miguel Gaspar"]
[Result "0-1"]
[WhiteElo "1345"]
[BlackElo "1478"]
[PlyCount "26"]
[EventDate "2001.??.??"]
[EventType "tourn (corr)"]
[EventRounds "12"]
[EventCountry "BRA"]
[SourceTitle "Corr 2004"]
[Source "ChessBase"]
[SourceDate "2003.04.28"]
[SourceVersion "3"]
[SourceVersionDate "2003.04.28"]
[SourceQuality "1"]

1. e4 e5 2. Nf3 d5 3. d4 Nf6 4. Bg5 Be7 5. Nxe5 Nxe4 6. Bb5+ c6 7. Bxe7 Qxe7 8. Be2 Be6 9. 0-0 Nd7 10. Nxd7 Bxd7 11. Nd2 0-0 12. Re1 f5 13. c4 Qf6 0-1

[Event "CXV R - 015 email"]
[Site "Brazil CXV"]
[Date "2000.11.25"]
[Round "?"]
[White "Rosa do Prado, Marcio Antonio"]
[Black "Marim, Milton"]
[Result "0-1"]
[WhiteElo "1497"]
[BlackElo "1513"]
[PlyCount "44"]
[EventDate "2000.??.??"]
[EventType "tourn (corr)"]
[EventRounds "6"]
[EventCountry "BRA"]
[SourceTitle "Corr 2004"]
[Source "ChessBase"]
[SourceDate "2003.04.28"]
[SourceVersion "3"]
[SourceVersionDate "2003.04.28"]
[SourceQuality "1"]

1. e4 e5 2. Nf3 Nc6 3. Bb5 a6 4. Bc4 Nf6 5. Nc3 Nxe4 6. Nxe4 d5 7. Bxd5 Qxd5 8. Nc3 Qd8 9. 0-0 Bd6 10. d3 0-0 11. Bg5 Qd7 12. Re1 Re8 13. a3 b5 14. b4 Bb7 15. Nd5 Nd4 16. c3 Bxd5 17. cxd4 exd4 18. Nxd4 Rxe1+ 19. Qxe1 Qg4 20. Qf1 Qxg5 21. Re1 Qf4 22. Ne2 Qxh2# 0-1

[Event "CXV R - 015 email"]
[Site "Brazil CXV"]
[Date "2000.10.30"]
[Round "?"]
[White "Rosa do Prado, Marcio Antonio"]
[Black "Dardengo Hupp, Fabricio"]
[Result "0-1"]
[WhiteElo "1501"]
[BlackElo "1797"]
[PlyCount "38"]
[EventDate "2000.??.??"]
[EventType "tourn (corr)"]
[EventRounds "6"]
[EventCountry "BRA"]
[SourceTitle "Corr 2004"]
[Source "ChessBase"]
[SourceDate "2003.04.28"]
[SourceVersion "3"]
[SourceVersionDate "2003.04.28"]
[SourceQuality "1"]

1. e4 e5 2. d3 Nf6 3. Bg5 h6 4. Be3 d5 5. Nc3 d4 6. Bd2 dxc3 7. Bxc3 Nc6 8. Be2 Bc5 9. Nf3 Qe7 10. 0-0 0-0 11. b4 Bxb4 12. Qd2 Bxc3 13. Qxc3 Rd8 14. Rfd1 Nd4 15. Bf1 Bg4 16. Rab1 Nxf3+ 17. gxf3 Bxf3 18. Re1 Nxe4 19. dxe4 Qg5+ 0-1